| 000 | 01158nam2a22002411 4500 | ||
|---|---|---|---|
| 001 | RU\NLR\INFOCOMM29\5000038197 | ||
| 005 | 20250617022718.0 | ||
| 035 | _a(NLR Aleph) 002379354 | ||
| 090 |
_a4596584 _c4596584 |
||
| 100 | _a20041215d1967 |||y0rusy50 ca | ||
| 101 | 0 | _arus | |
| 102 | _aRU | ||
| 105 | _ay ||||000|y | ||
| 200 | 1 |
_aПосол рыбы _e(Элементы теории и практики) |
|
| 210 |
_d1967 _aБ. м. |
||
| 461 | 0 |
_1001RU\NLR\INFOCOMM29\5000037917 _12001#$aИзвестия Тихоокеанского научно-исследовательского рыбохозяйственного центра$vТ.63 _94596095 _aТихоокеанский научно-исследовательский рыбохозяйственный центр (Владивосток) _cВладивосток _d1928 - _tИзвестия Тихоокеанского научно-исследовательского рыбохозяйственного центра _x1606-9919 _vТ.63 |
|
| 801 | 1 |
_aRU _bInfoComm _c20041216 |
|
| 801 | 0 |
_aRU _bNLR _gPSBO |
|
| 852 |
_aNLR _jП7/280 |
||
| 942 | _cISSUE | ||
| 980 | _aNB | ||
| 980 | _aRUSPER | ||